Dictadura o democracia /
Saved in:
| Format: | Book |
|---|---|
| Published: |
Buenos Aires :
Perfil,
1986.
|
| Series: | Yo fui testigo
t. 20 |
| LEADER | 00377nam a22001217a 4500 | ||
|---|---|---|---|
| 003 | AR-BeUNQ | ||
| 005 | 20251020160612.0 | ||
| 999 | |c 39549 |d 123349 | ||
| 245 | |a Dictadura o democracia / |c J. C. Cernadas Lamadrid, Ricardo Halac. | ||
| 260 | |a Buenos Aires : |b Perfil, |c 1986. | ||
| 490 | 1 | |a Yo fui testigo |v t. 20 | |
| 929 | |a DONACION |b Liliana Medeiros |e 20250522 |f PAT0084381 |g 3801 |l Caja 29 |o PR | ||
| 942 | |c LIB | ||